000 00282nam a2200109 a 4500
005 20201002034108.0
008 130822s2001 000 spa d
020 _a9683690432
245 0 _aDerechos en relación con el medio ambiente.
260 _aMéxico,
_c2001.
999 _c39868
_d39868
040 _aDO-SdBNP